000 00689 a2200229 4500
003 Nust
005 20170207154041.0
010 _a 2002012447
020 _a1556223471
040 _cNust
082 0 0 _a005.4/35
100 1 _aBlunden, Bill,
245 1 0 _aMemory management(E-BOOK)
_balgorithms and implementation in C/C++ /
_cby Bill Blunden.
260 _aPlano, Tex. :
_bWordware Pub.,
_cc2003.
300 _axxvii, 360 p. :
_bill. ;
_c23 cm.
440 0 _aWindows programming/development
650 0 _aC (Computer program language)
650 0 _aC++ (Computer program language)
650 0 _aComputer algorithms.
650 0 _aMemory management (Computer science)
651 _aE-BOOK
942 _2ddc
_cBK
999 _c192620
_d192620